00924nam a2200253 a 450000100060000000300080000600500170001400800410003103500190007204000420009104100080013308200220014110000400016324501430020326000350034630000240038150000190040565000220042465000280044670000300047494200120050499900170051695201370053359867BD-RjUL20211209080757.0161227s1950 enk 001 0 eng d a(BD-RjUL)59991 aCSUcCSUdREBdUKMdEQOdBD-RjULbeng aeng 223a330bEUF 19501 aEucken, Walter.d1891-1950.917812614aThe foundations of economics :bhistory and theory in the analysis of economic reality /cby Walter Eucken ; translated by T. W. Hutchison aLondon :bWilliam Hodge,c1950 aiv, 358 p. ;c23 cm aIncludes index 0aEconomics9170576 0aEconomic policy9170308 aHutchison, T. W.9178127 2ddccBK c59867d59867 00102ddc40718NFICaRUCLbRUCLcReadingd1963-03-25eZeitlingerg21.00l0o330 EUF 1950r2016-12-27 00:00:00tC-1w2016-12-27yBK